| 000 | 01065nam a22002777a 4500 | ||
|---|---|---|---|
| 001 | 8958 | ||
| 003 | FISKH | ||
| 005 | 20251111134358.0 | ||
| 008 | 251111b cb ||||| |||| 00| 0 eng d | ||
| 020 | _a9971972859 | ||
| 040 |
_aFISKH _beng _cFISKH _dFISKH |
||
| 050 | _aPZ7 | ||
| 082 | _a813.6 | ||
| 100 |
_aHope, Irene _eAuthor |
||
| 245 |
_aAi-chan's secret / _cIrene Hope |
||
| 260 |
_aSingapore : _bOverseas Missionary Fellowship , _c1989 |
||
| 300 |
_a28 pages : _billustrations ; _c21 cm |
||
| 505 | _aJ | ||
| 520 | _aEverybody thought Izumi-chan, the new girl at school, was really strange. They teased her till she cried, and Ai-chan joined in although her name meant "love". Ai-chan's parents told her to say sorry, but she only pretended to. Then they invited Izumi-chan along on a family outing. What would Ai-chan do now? A story from Japan for 8-10 year olds. | ||
| 521 | 8 |
_a500
_bLexile estimate |
|
| 521 | 8 |
_aJ
_bRaz-Plus |
|
| 650 |
_aCultures _vFiction |
||
| 700 |
_aYamamori, H _eIllustrator |
||
| 942 |
_2ddc _cBK _n0 |
||
| 999 |
_c8958 _d8958 |
||